000 00302nam a22001337a 4500
020 _a0-7513-6909-8
082 _a030
_bDOR/F
100 _aDORLING KINDERSLEY
245 _aFOOD AND FARMING
260 _aLONDON
_bDK LIMITED
_c1993
300 _a49
650 _aENCYCLOPEDIA
_zUNITED KINGDOM
942 _cBK
999 _c2315
_d2315